| 000 | 00379nam a2200097Ia 4500 | ||
|---|---|---|---|
| 008 | 180130s9999 xx 000 0 und d | ||
| 245 |
_cMoracanin, Vidoje _aCompetence education and training for quality |
||
| 260 | _c2014 | ||
| 300 | _aBook title: Effective implementation in total quality for project management--Acession number C20534; pages 199-224 | ||
| 650 | _aPROJECT MANAGEMENT | ||
| 999 |
_c354489 _d354489 |
||